[Event "XI Anibal Open"]
[Site "Linares ESP"]
[Date "2005.03.01"]
[Round "5"]
[White "Ivanov,J"]
[Black "Fernandez Romero,Ern"]
[Result "1/2-1/2"]
[WhiteElo "2354"]
[BlackElo "2469"]
[EventDate "2005.02.25"]

1. d4 Nf6 2. c4 d6 3. Nf3 g6 4. Nc3 Bf5 5. Nh4 Bd7 6. e4 Bg7 7. Nf3 O-O 8.
h3 e5 9. d5 a5 10. Bg5 Na6 11. Be2 Qe8 12. Nd2 h6 13. Be3 Kh7 14. g4 Ng8
15. Nf1 Ne7 16. h4 Nc5 17. h5 g5 1/2-1/2

[Event "XI Anibal Open"]
[Site "Linares ESP"]
[Date "2005.03.01"]
[Round "5"]
[White "De la Paz,F"]
[Black "Taboas Rodriguez,D"]
[Result "1-0"]
[WhiteElo "2466"]
[BlackElo "2302"]
[EventDate "2005.02.25"]

1. e4 e5 2. Bc4 Nf6 3. d3 Bc5 4. Nf3 d6 5. c3 O-O 6. O-O Qe7 7. Nbd2 Be6 8.
Bb3 a6 9. Nc4 b5 10. Ne3 Bxe3 11. Bxe3 Nbd7 12. Bc2 h6 13. h3 c5 14. d4 d5
15. exd5 Bxd5 16. Re1 Rfe8 17. Nh4 exd4 18. cxd4 c4 19. Nf5 Qb4 20. a3 Qxb2
21. Re2 Kf8 22. Be4 Qb3 23. Bc2 Qb2 24. Nd6 Re7 25. Bf5 Qb3 26. Qc1 Ne4 27.
Bxe4 Bxe4 28. Bxh6 Qd3 29. Bxg7+ Kxg7 30. Qg5+ Kf8 31. Re3 Qxd4 32. Qxe7+
Kxe7 33. Nf5+ Ke6 34. Nxd4+ Kd5 35. Ne2 Nc5 36. Nc3+ Kd4 37. Nxe4 Nxe4 38.
Rd1+ Ke5 39. f3 f5 40. fxe4 fxe4 41. Rd7 a5 42. Re7+ Kd5 43. R3xe4 b4 44.
axb4 axb4 45. R7e5+ Kd6 46. Rb5 c3 47. Rc4 1-0

[Event "XI Anibal Open"]
[Site "Linares ESP"]
[Date "2005.03.01"]
[Round "5"]
[White "Bertona,F"]
[Black "Braslavskij,A"]
[Result "0-1"]
[WhiteElo "2437"]
[BlackElo "2296"]
[EventDate "2005.02.25"]

1. Nf3 Nf6 2. d4 g6 3. Bg5 Ne4 4. Bh4 c5 5. e3 Qb6 6. Qc1 Nc6 7. c3 d5 8.
Nbd2 cxd4 9. exd4 Bh6 10. Qc2 Bf5 11. Qb3 Nxd4 12. Qxb6 Nc2+ 13. Kd1 axb6
14. Rc1 Nxd2 15. Nxd2 Rxa2 16. Rxc2 Bxc2+ 17. Kxc2 Bxd2 18. Kxd2 Rxb2+ 19.
Kc1 Ra2 20. Bb5+ Kd8 21. Kb1 Ra5 22. c4 dxc4 23. Rd1+ Kc8 24. Bxc4 g5 25.
Bg3 e6 26. f3 Rd8 27. Rc1 Rc5 28. Bf2 Rc6 29. Be3 h6 30. Kb2 Kb8 31. Kb3 b5
32. Bxb5 Rxc1 33. Bxc1 Rd1 34. Bb2 Rd2 35. Be8 f5 36. Bf7 Rxg2 37. Bxe6 Rf2
38. Be5+ Ka8 39. Bd5 f4 40. h3 Rh2 41. Kc4 Rxh3 42. Kd4 h5 43. Bf6 Rg3 44.
Ke4 h4 45. Be6 Ka7 46. Bd4+ b6 47. Bf2 Rg2 48. Bd4 Re2+ 49. Kd5 Rxe6 50.
Kxe6 h3 51. Bg1 g4 52. Kf5 g3 0-1

[Event "XI Anibal Open"]
[Site "Linares ESP"]
[Date "2005.03.01"]
[Round "5"]
[White "Breivik,L"]
[Black "Rodriguez Guerrero,E"]
[Result "1-0"]
[WhiteElo "2221"]
[BlackElo "2430"]
[EventDate "2005.02.25"]

1. d4 Nf6 2. Nf3 d5 3. e3 c5 4. dxc5 Qa5+ 5. Nbd2 Qxc5 6. a3 g6 7. b4 Qc3
8. Rb1 Bg7 9. Bb2 Qc7 10. c4 dxc4 11. Bxc4 O-O 12. Rc1 Qb6 13. Qb3 Nc6 14.
O-O Ne8 15. Bxg7 Nxg7 16. Rfd1 Be6 17. Qb2 Rfd8 18. Be2 h6 19. Ne4 a5 20.
b5 Rxd1+ 21. Rxd1 Nb8 22. Ne5 Nc6 23. Nd7 Bxd7 24. Rxd7 Re8 25. Nf6+ exf6
26. Qxf6 Rf8 27. Bc4 Ne5 28. Qxb6 Nxd7 29. Qxb7 Ne5 30. Bd5 Rd8 31. h3 1-0

[Event "XI Anibal Open"]
[Site "Linares ESP"]
[Date "2005.03.01"]
[Round "5"]
[White "Guerra Bastida,D"]
[Black "Szymanski,M"]
[Result "1/2-1/2"]
[WhiteElo "2390"]
[BlackElo "2422"]
[EventDate "2005.02.25"]

1. d4 Nf6 2. c4 e6 3. g3 Bb4+ 4. Nd2 O-O 5. Bg2 d5 6. Ngf3 b6 7. O-O Bb7 8.
Ne5 Nbd7 9. Qa4 Bxd2 10. Bxd2 Nxe5 11. dxe5 Ne4 12. Bxe4 dxe4 13. Be3 Qe8
14. Qxe8 Rfxe8 15. Rfd1 Rac8 16. b4 Kf8 17. b5 Red8 18. a4 Rxd1+ 19. Rxd1
a6 20. h4 Ke7 21. h5 h6 22. g4 axb5 23. axb5 Rd8 24. Rxd8 Kxd8 25. g5 hxg5
26. Bxg5+ Ke8 27. Kf1 c6 28. bxc6 Bxc6 29. Ke1 Ba4 30. Kd2 Bb3 31. Kc3 Bd1
32. Kd2 Bb3 33. Kc3 1/2-1/2

[Event "XI Anibal Open"]
[Site "Linares ESP"]
[Date "2005.03.01"]
[Round "5"]
[White "Del Rio Angelis,S"]
[Black "Peric,Sl"]
[Result "0-1"]
[WhiteElo "2502"]
[BlackElo "2230"]
[EventDate "2005.02.25"]

1. c4 Nf6 2. Nc3 e5 3. Nf3 Nc6 4. e3 Be7 5. d3 d5 6. cxd5 Nxd5 7. Be2 O-O
8. O-O Be6 9. e4 Nb6 10. a4 a5 11. Nb5 Bg4 12. Be3 Nd7 13. Rc1 Re8 14. Nd2
Bxe2 15. Qxe2 Nf8 16. Nf3 Ne6 17. Rc4 Bf6 18. Rfc1 Qd7 19. g3 Rad8 20. Ne1
Bg5 21. Qg4 Bf6 22. b3 Be7 23. f4 g6 24. Rd1 b6 25. Nf3 Bd6 26. f5 Bc5 27.
fxe6 Bxe3+ 28. Kf1 fxe6 29. Nxc7 Rc8 30. Ke2 Rxc7 31. Kxe3 Qd6 32. Kf2 Rf7
33. Kg2 Ref8 34. Ng5 Rf2+ 35. Kh3 Nd4 36. Rdc1 h5 37. Qh4 Ne2 38. Rc6 Qxc6
0-1

[Event "XI Anibal Open"]
[Site "Linares ESP"]
[Date "2005.03.01"]
[Round "5"]
[White "Komljenovic,D"]
[Black "Karim,I"]
[Result "1-0"]
[WhiteElo "2492"]
[BlackElo "2249"]
[EventDate "2005.02.25"]

1. d4 d5 2. c4 e6 3. Nf3 Nf6 4. g3 dxc4 5. Bg2 Nc6 6. Qa4 Nd7 7. Qxc4 Nb6
8. Qd3 e5 9. Nxe5 Nxd4 10. O-O Ne6 11. Qf3 Qf6 12. Qxf6 gxf6 13. Ng4 f5 14.
Nh6 f4 15. Nf5 c6 16. Nc3 Nc5 17. Bh3 fxg3 18. hxg3 Rg8 19. Kg2 Be6 20. Rd1
Rd8 21. Rxd8+ Kxd8 22. Bf4 a5 23. Rd1+ Kc8 24. b3 Nbd7 25. f3 b5 26. e4 b4
27. Ne2 a4 28. Ned4 axb3 29. axb3 Kb7 30. Nxe6 fxe6 31. Nd6+ Bxd6 32. Rxd6
Re8 33. Rd4 e5 34. Rxb4+ Kc7 35. Bxd7 Nxd7 36. Be3 c5 37. Rc4 Kd6 38. f4
exf4 39. gxf4 Ra8 40. Kf3 Ra3 41. Rc3 c4 42. Rxc4 Rxb3 43. Rd4+ Ke7 44. e5
Rb5 45. Ke4 Rb2 46. Rd2 Rxd2 47. Bxd2 Nc5+ 48. Kd5 Nd3 49. f5 Nf2 50. Bg5+
Ke8 51. e6 Ng4 52. f6 h6 53. f7+ Kf8 54. Bc1 Nf6+ 55. Ke5 Nh7 56. Bxh6+ Ke7
57. Bg7 1-0

[Event "XI Anibal Open"]
[Site "Linares ESP"]
[Date "2005.03.01"]
[Round "5"]
[White "Vila Gazquez,Ja"]
[Black "Pogorelov,R"]
[Result "0-1"]
[WhiteElo "2307"]
[BlackElo "2472"]
[EventDate "2005.02.25"]

1. e4 c5 2. Nf3 Nc6 3. Bb5 e6 4. O-O Nge7 5. Nc3 a6 6. Bxc6 Nxc6 7. d4 cxd4
8. Nxd4 d6 9. Be3 Be7 10. Nxc6 bxc6 11. e5 dxe5 12. Qg4 Kf8 13. Rad1 Qc7
14. Na4 Rb8 15. b3 h5 16. Qe2 g6 17. Nc5 Kg7 18. Kh1 Rb5 19. Qc4 Qa5 20.
Ne4 Rd5 21. Qxc6 Rhd8 0-1

[Event "XI Anibal Open"]
[Site "Linares ESP"]
[Date "2005.03.01"]
[Round "5"]
[White "Javakhishvili,L"]
[Black "Pena Riasco,A"]
[Result "1-0"]
[WhiteElo "2456"]
[BlackElo "2196"]
[EventDate "2005.02.25"]

1. d4 f5 2. Nc3 e6 3. e4 fxe4 4. Nxe4 Nf6 5. Bg5 Be7 6. Bxf6 Bxf6 7. Nf3
Nc6 8. c3 b6 9. Bd3 Bb7 10. Qc2 Qe7 11. O-O-O O-O-O 12. Rde1 g5 13. Kb1 g4
14. Nfd2 h5 15. h3 Qg7 16. hxg4 hxg4 17. Ng3 Ne7 18. Be4 Bh4 19. Bxb7+ Kxb7
20. Nge4 Rdf8 21. g3 Bg5 22. Rxh8 Rxh8 23. f4 gxf3 24. Nxf3 Bh6 25. c4 Rf8
26. Qb3 Ka8 27. a3 Nf5 28. Qd3 Kb8 29. c5 Rg8 30. g4 d5 31. cxd6 Nxd6 32.
g5 Nxe4 33. Qxe4 Bxg5 34. Rg1 Qh6 35. Qg4 Qh7+ 36. Ka1 Qd3 37. Nxg5 Rf8 38.
Qd1 Qe3 39. Qc1 Qe2 40. Re1 Qg2 41. Nxe6 Rc8 42. Qc4 Qg3 43. Rc1 Qd6 44. d5
a6 45. Qc6 Qg3 46. Rc3 Qh2 47. Nc5 1-0

[Event "XI Anibal Open"]
[Site "Linares ESP"]
[Date "2005.03.01"]
[Round "5"]
[White "Parfjonov,P"]
[Black "Candela Perez,J"]
[Result "1/2-1/2"]
[WhiteElo "2262"]
[BlackElo "2431"]
[EventDate "2005.02.25"]

1. Nf3 Nf6 2. d4 g6 3. c4 Bg7 4. g3 O-O 5. Bg2 d6 6. Nc3 Nbd7 7. O-O e5 8.
Bg5 h6 9. Bxf6 Qxf6 10. e3 Qd8 11. Qc2 f5 12. dxe5 dxe5 13. Nh4 Kh7 14. f4
c6 15. e4 Nc5 16. exf5 Qd4+ 17. Kh1 Bxf5 18. Nxf5 Rxf5 19. Ne2 Qd6 20. Rad1
Qe7 21. b4 Na6 22. a3 1/2-1/2

[Event "XI Anibal Open"]
[Site "Linares ESP"]
[Date "2005.03.01"]
[Round "5"]
[White "Matnadze,A"]
[Black "Canabate Carmona,F"]
[Result "1/2-1/2"]
[WhiteElo "2376"]
[BlackElo "2110"]
[EventDate "2005.02.25"]

1. d4 d5 2. Nf3 c5 3. c4 dxc4 4. d5 g6 5. e4 Bg7 6. Bxc4 Nd7 7. O-O Nb6 8.
Be2 Bg4 9. Nc3 Nf6 10. a4 a5 11. Bb5+ Nfd7 12. Be3 O-O 13. h3 Bxf3 14. Qxf3
Rc8 15. Qe2 Bd4 16. Rad1 Bxe3 17. Qxe3 Qc7 18. Kh1 c4 19. d6 exd6 20. Bxd7
Nxd7 21. Nb5 Qb6 22. Nxd6 Rc6 23. Qg3 Nc5 24. e5 Qb3 25. Qxb3 cxb3 26. Rd4
f6 27. exf6 Rxf6 28. Nb5 Kg7 29. Kg1 Rfe6 30. f4 Re2 31. Rf2 Re1+ 32. Rf1
Re2 33. Rf2 Re1+ 34. Rf1 1/2-1/2

[Event "XI Anibal Open"]
[Site "Linares ESP"]
[Date "2005.03.01"]
[Round "5"]
[White "Kokolias,K"]
[Black "Vuilleumier,A"]
[Result "0-1"]
[WhiteElo "2137"]
[BlackElo "2280"]
[EventDate "2005.02.25"]

1. e4 g6 2. Nc3 Bg7 3. g3 e5 4. Bg2 d6 5. d3 Be6 6. f4 Nc6 7. Nge2 Qd7 8.
Be3 Nd4 9. fxe5 dxe5 10. Qd2 O-O-O 11. O-O-O h5 12. h4 Nh6 13. Kb1 Ng4 14.
Bh3 Nf3 15. Qc1 Kb8 16. Ng1 Nd4 17. Rf1 Qc6 18. Bg5 f6 19. Bd2 Qa6 20. b3
Rd6 21. Nce2 Nb5 22. a4 Nd4 23. Nxd4 exd4 24. Bxg4 hxg4 25. Rf2 f5 26. exf5
gxf5 27. Ne2 Bxb3 28. cxb3 Rc6 29. Nc3 dxc3 30. Bf4 c2+ 31. Ka2 Qxd3 32.
Rhh2 Qd1 33. Rxc2 Qxc1 34. Bxc1 Rxc2+ 35. Rxc2 Be5 36. Bb2 Bxb2 37. Kxb2 c6
38. Rf2 Rh5 39. Kc3 Kc7 40. Rf4 Kd6 41. Kc4 Ke5 42. Rd4 Rh7 43. a5 b6 44.
axb6 axb6 45. Kd3 Ra7 46. Kc3 Ra2 47. Rd3 Ke4 48. Rd6 Kf3 49. Rf6 Kxg3 50.
Rxf5 Kxh4 51. Rf6 g3 52. Rxc6 Ra5 53. Rxb6 g2 54. Rb4+ Kg3 55. Rb8 Rg5 0-1

[Event "XI Anibal Open"]
[Site "Linares ESP"]
[Date "2005.03.01"]
[Round "5"]
[White "Ortega Ruiz,J"]
[Black "Kaza,P"]
[Result "0-1"]
[WhiteElo "2278"]
[BlackElo "2097"]
[EventDate "2005.02.25"]

1. d4 d5 2. c4 e6 3. Nc3 Nf6 4. Bg5 Be7 5. e3 O-O 6. Nf3 h6 7. Bh4 b6 8.
Bxf6 Bxf6 9. cxd5 exd5 10. Be2 Be6 11. O-O Nd7 12. Bb5 Nb8 13. Qa4 Qd6 14.
Rfd1 c6 15. Be2 Bf5 16. Rac1 Nd7 17. b4 b5 18. Qa6 Nb6 19. a4 Bc8 20. Qa5
Nc4 0-1

[Event "XI Anibal Open"]
[Site "Linares ESP"]
[Date "2005.03.01"]
[Round "5"]
[White "San Martin Ramos,L"]
[Black "Recuero Guerra,D"]
[Result "0-1"]
[WhiteElo "2135"]
[BlackElo "2241"]
[EventDate "2005.02.25"]

1. e4 e6 2. d4 d5 3. Nc3 Bb4 4. Nge2 dxe4 5. a3 Be7 6. Nxe4 Nf6 7. N2c3 O-O
8. Be3 Nxe4 9. Nxe4 f5 10. Nc3 f4 11. Bc1 Bf6 12. Bxf4 Bxd4 13. Be3 Bxe3
14. Qxd8 Bxf2+ 15. Ke2 Rxd8 16. Kxf2 Nc6 17. Bd3 Rf8+ 18. Kg3 Ne5 19. Rad1
Bd7 20. Rhe1 Nxd3 21. Rxd3 Rf7 22. Ne4 Raf8 23. Nc5 Bc8 24. Rde3 Rf6 25.
Nxe6 Rg6+ 26. Kh4 Rff6 27. Ng5 Rf4+ 28. Kg3 Rf8 29. Kh4 h6 30. Ne4 Rg4+ 31.
Kh5 0-1

[Event "XI Anibal Open"]
[Site "Linares ESP"]
[Date "2005.03.01"]
[Round "5"]
[White "Fenollar Jorda,M"]
[Black "Martin Blanco,F"]
[Result "1-0"]
[WhiteElo "2226"]
[BlackElo "2093"]
[EventDate "2005.02.25"]

1. d4 Nf6 2. Nf3 g6 3. Bg5 Bg7 4. Nbd2 d5 5. e3 c5 6. c3 Nbd7 7. Ne5 Nxe5
8. dxe5 Ng4 9. Bb5+ Kf8 10. Nb3 Nxe5 11. Nxc5 h6 12. Bh4 Kg8 13. Be2 b6 14.
Nb3 Bb7 15. O-O Kh7 16. a4 a5 17. Nd4 Nc4 18. Bxc4 dxc4 19. Nb5 g5 20. Bg3
e5 21. Qg4 Qc8 22. Qxc8 Bxc8 23. e4 f5 24. exf5 Bxf5 25. Rfe1 Rad8 26. Bxe5
Rd2 27. Nd4 Bd3 28. Bxg7 Kxg7 29. Re7+ Kg6 30. Re6+ Kh7 31. Rae1 Rf8 32. f3
Rxb2 33. Re7+ Kg6 34. Nc6 Rf6 35. Ne5+ Kh5 36. Ng4 Rd6 37. R1e6 Rxe6 38.
Rxe6 Bg6 39. g3 Rd2 40. Nf6+ 1-0

[Event "XI Anibal Open"]
[Site "Linares ESP"]
[Date "2005.03.01"]
[Round "5"]
[White "Stoumbos,K"]
[Black "Costello,C"]
[Result "1-0"]
[WhiteElo "2113"]
[BlackElo "2024"]
[EventDate "2005.02.25"]

1. e4 e5 2. f4 Bc5 3. Nf3 d6 4. Bc4 Nf6 5. Nc3 Nc6 6. d3 O-O 7. f5 Nd4 8.
g4 Nxg4 9. Ng5 Nf6 10. Nd5 h6 11. c3 Nxd5 12. Bxd5 hxg5 13. cxd4 Bb4+ 14.
Kf2 c6 15. h4 g4 16. Bb3 d5 17. Qxg4 dxe4 18. dxe4 Qxd4+ 19. Be3 Qxb2+ 20.
Kf3 Be7 21. Rag1 Bf6 22. Rg2 Qc3 23. Qg6 Bxf5 24. Qxf5 Kh8 25. Qh5+ Kg8 26.
Qh6 Rad8 27. Qxf6 1-0

[Event "XI Anibal Open"]
[Site "Linares ESP"]
[Date "2005.03.01"]
[Round "5"]
[White "Gadeo Colomina,F"]
[Black "Benito Alba,E"]
[Result "1/2-1/2"]
[WhiteElo "2088"]
[BlackElo "1914"]
[EventDate "2005.02.25"]

1. Nf3 Nf6 2. d4 e6 3. Bf4 d5 4. e3 c5 5. Nbd2 Bd6 6. Bg3 O-O 7. c3 Nc6 8.
Bd3 Re8 9. Ne5 Ne7 10. f4 Nf5 11. Bf2 Bf8 12. Qf3 cxd4 13. exd4 Qb6 14. Rb1
Nd6 15. O-O Bd7 16. Bh4 Bb5 17. Bxf6 Bxd3 18. Qxd3 gxf6 19. Ng4 Bg7 20. Kh1
f5 21. Ne5 f6 22. Nef3 Qc6 23. Ng1 Ne4 24. Rbd1 b5 1/2-1/2

[Event "XI Anibal Open"]
[Site "Linares ESP"]
[Date "2005.03.01"]
[Round "6"]
[White "Korneev,O"]
[Black "Cheparinov,I"]
[Result "1/2-1/2"]
[WhiteElo "2602"]
[BlackElo "2572"]
[EventDate "2005.02.25"]

1. e4 c5 2. Nf3 d6 3. d4 cxd4 4. Nxd4 Nf6 5. Nc3 a6 6. Bg5 e6 7. f4 Be7 8.
Qf3 h6 9. Bh4 g5 10. fxg5 Nfd7 11. Nxe6 fxe6 12. Qh5+ Kf8 13. Bb5 Rh7 14.
O-O+ 1/2-1/2

[Event "XI Anibal Open"]
[Site "Linares ESP"]
[Date "2005.03.01"]
[Round "6"]
[White "Braslavskij,A"]
[Black "Sorokin,M"]
[Result "1/2-1/2"]
[WhiteElo "2296"]
[BlackElo "2578"]
[EventDate "2005.02.25"]

1. e4 e5 2. Nf3 Nc6 3. Bb5 a6 4. Ba4 Nf6 5. O-O Be7 6. Re1 b5 7. Bb3 O-O 8.
c3 d6 9. h3 Nb8 10. d4 Nbd7 11. Nbd2 Bb7 12. a4 c5 13. Bc2 Re8 14. axb5
axb5 15. Rxa8 Qxa8 16. Qe2 Qa5 17. dxc5 dxc5 18. c4 b4 19. Nb3 Qc7 20. Nfd2
Nf8 21. Nf1 Qd8 22. Bg5 N6d7 23. Bxe7 Qxe7 24. Ne3 Ne6 25. Nd5 Qg5 26. Na5
Nd4 27. Qe3 Qxe3 28. Nxe3 Rb8 29. Nxb7 Rxb7 30. Ra1 g6 31. Ra5 Nc6 32. Ra8+
Rb8 33. Ra6 Rb6 34. Ra8+ Rb8 35. Ra6 Nd4 36. Ra5 Kg7 37. Bd1 Nc6 38. Ra6
Rb6 39. Ra8 Rb8 40. Ra6 Rb6 41. Ra8 Rb8 1/2-1/2

[Event "XI Anibal Open"]
[Site "Linares ESP"]
[Date "2005.03.01"]
[Round "6"]
[White "Payen,A"]
[Black "De la Paz,F"]
[Result "1/2-1/2"]
[WhiteElo "2384"]
[BlackElo "2466"]
[EventDate "2005.02.25"]

1. d4 Nf6 2. c4 g6 3. g3 Bg7 4. Bg2 O-O 5. Nc3 d6 6. Nf3 Nc6 7. O-O Bg4 8.
h3 Bxf3 9. Bxf3 Nd7 10. e3 e5 11. d5 Ne7 12. e4 f5 13. exf5 gxf5 14. Bg2
Kh8 15. Bd2 Ng6 16. Qh5 a5 17. Rac1 Nc5 18. Rc2 a4 19. Kh2 Qf6 20. Be3 b6
21. Nb5 Qe7 22. Re2 Rae8 23. Rb1 e4 24. Bg5 Qd7 25. f4 Nd3 26. Bf1 c6 27.
dxc6 Qxc6 28. b3 d5 29. Rg2 Qc5 30. Rd1 d4 31. Bxd3 exd3 32. Rxd3 Re3 33.
Rxe3 dxe3 34. Bh6 Bxh6 35. Qxh6 Qc6 36. Qg5 Qf3 37. Nd4 Qd1 38. Ne2 axb3
39. axb3 Qxb3 40. h4 Qb4 41. h5 Ne7 42. g4 Qd6 43. Qh4 fxg4 44. Qxg4 Nf5
45. Ng3 Nd4 46. Nf1 Qxf4+ 47. Qxf4 Rxf4 48. Nxe3 Rh4+ 49. Kg3 Rxh5 50. Rb2
b5 51. cxb5 1/2-1/2

[Event "XI Anibal Open"]
[Site "Linares ESP"]
[Date "2005.03.01"]
[Round "6"]
[White "Lorenzini,M"]
[Black "Breivik,L"]
[Result "1-0"]
[WhiteElo "2412"]
[BlackElo "2221"]
[EventDate "2005.02.25"]

1. e4 c5 2. Nf3 Nc6 3. Bb5 g6 4. c3 Nf6 5. Qe2 Bg7 6. O-O O-O 7. h3 d5 8.
e5 Ne8 9. Bxc6 bxc6 10. d3 Nc7 11. Nbd2 Ne6 12. Nb3 Ba6 13. Ng5 Nxg5 14.
Bxg5 c4 15. Nc5 cxd3 16. Qd2 Bc8 17. Rfe1 f6 18. exf6 exf6 19. Bf4 g5 20.
Be3 Bf5 21. Nxd3 Re8 22. Nc5 a5 23. Na4 Rb8 24. Bd4 Qd7 25. b3 Qf7 26. Bb6
Qh5 27. Rxe8+ Rxe8 28. Re1 Rxe1+ 29. Qxe1 g4 30. hxg4 Bxg4 31. Bxa5 Qg6 32.
Bc7 h5 33. Kh2 Bf5 34. Bd6 Bb1 35. a3 Bc2 36. Nc5 f5 37. Be5 Be4 38. Nxe4
Bxe5+ 39. Ng3 Bd6 40. Kg1 f4 41. Nf1 h4 42. b4 f3 43. g3 Kf7 44. Qe3 Qf5
45. a4 hxg3 46. fxg3 Be5 47. a5 Kg6 48. a6 Qc2 49. Qxf3 Qxc3 50. Qxc3 Bxc3
51. Kg2 Bd4 52. Nd2 Kf5 53. Kf3 Ba7 54. Nb3 Ke6 55. g4 1-0

[Event "XI Anibal Open"]
[Site "Linares ESP"]
[Date "2005.03.01"]
[Round "6"]
[White "Salgado Lopez,I"]
[Black "Burmakin,V"]
[Result "0-1"]
[WhiteElo "2278"]
[BlackElo "2554"]
[EventDate "2005.02.25"]

1. e4 c6 2. d4 d5 3. Nc3 g6 4. Nf3 Bg7 5. exd5 cxd5 6. Bf4 Nf6 7. Nb5 O-O
8. Bc7 Qd7 9. Bxb8 Rxb8 10. Nxa7 Qe6+ 11. Qe2 Qb6 12. Nb5 Ne4 13. c3 Bd7
14. a4 Rfe8 15. Qd1 e5 16. Be2 exd4 17. Nfxd4 Bxb5 18. axb5 Bxd4 19. cxd4
Nd6 20. O-O Nxb5 21. Bf3 Nxd4 22. Bxd5 Rbd8 23. Qa4 Re2 24. Bc4 Rxb2 25.
Rae1 Qf6 26. Re8+ Rxe8 27. Qxe8+ Kg7 28. Qd7 b5 29. Bd5 Rd2 30. Qb7 b4 31.
Bxf7 Qxf7 32. Qxb4 Ne2+ 33. Kh1 Qxf2 0-1

[Event "XI Anibal Open"]
[Site "Linares ESP"]
[Date "2005.03.01"]
[Round "6"]
[White "Szymanski,M"]
[Black "Komljenovic,D"]
[Result "0-1"]
[WhiteElo "2422"]
[BlackElo "2492"]
[EventDate "2005.02.25"]

1. d4 Nf6 2. c4 e6 3. Nc3 Bb4 4. Qc2 O-O 5. e4 d5 6. e5 Ne4 7. Bd3 c5 8.
cxd5 exd5 9. Nge2 cxd4 10. Nxd4 Nd7 11. f4 Qh4+ 12. g3 Qh3 13. Bf1 Qh6 14.
Bg2 Qa6 15. a3 Bxc3+ 16. bxc3 Ndc5 17. Bf1 Qa5 18. Bb2 Bd7 19. Be2 Ba4 20.
Qc1 Qb6 21. Rf1 f6 22. Rb1 fxe5 23. fxe5 Rxf1+ 0-1

[Event "XI Anibal Open"]
[Site "Linares ESP"]
[Date "2005.03.01"]
[Round "6"]
[White "Pogorelov,R"]
[Black "Guerra Bastida,D"]
[Result "1-0"]
[WhiteElo "2472"]
[BlackElo "2390"]
[EventDate "2005.02.25"]

1. Nf3 c5 2. c4 Nc6 3. d4 cxd4 4. Nxd4 g6 5. e4 Bg7 6. Be3 Nf6 7. Nc3 d6 8.
Be2 O-O 9. O-O Nxd4 10. Bxd4 Bd7 11. b4 Bc6 12. f3 Nh5 13. Re1 Bxd4+ 14.
Qxd4 e5 15. Qf2 Nf4 16. Bf1 Qg5 17. Kh1 b6 18. Red1 Rad8 19. a4 f5 20. Qe3
Ne6 21. Qxg5 Nxg5 22. exf5 gxf5 23. Nd5 Rf7 24. a5 bxa5 25. Rxa5 Ne6 26.
Ra6 Bb7 27. Ra2 Nd4 28. Nc3 a6 29. Kg1 Rc7 30. Kf2 Rdc8 31. Ne2 Rxc4 32.
Nxd4 Rxd4 33. Rxd4 exd4 34. Rd2 Kf7 35. Rxd4 Ke6 36. Bd3 Rc3 37. Ke2 Ke5
38. Rh4 Rb3 39. Kd2 f4 40. Rxh7 Rxb4 41. Kc3 Rb6 42. Rh5+ Ke6 43. Rf5 Bd5
44. Rxf4 Rb3+ 45. Kc2 Ra3 46. Rg4 a5 47. h4 a4 48. h5 Ra2+ 49. Kc3 a3 50.
h6 Ra1 51. h7 Rh1 52. Ra4 a2 53. Ra7 Kf6 54. Kd4 Bf7 55. Bc4 Rh4+ 56. g4
Bxc4 57. Kxc4 Rxh7 58. Rxa2 Ke5 59. Ra5+ Ke6 60. Kd4 Rb7 61. Ra4 Rb1 62.
Ke4 Re1+ 63. Kf4 Rf1 64. Ra3 Rb1 65. Re3+ Kf7 66. Kg5 Rb5+ 67. Kh6 Rb1 68.
Re4 Rh1+ 69. Kg5 Ra1 70. f4 Rd1 71. f5 d5 72. Ra4 d4 73. Ra7+ Ke8 74. Kf6
d3 75. g5 Rb1 76. Re7+ Kf8 77. Rd7 Rb6+ 78. Ke5 Rb5+ 79. Ke4 Rb4+ 80. Kf3
Rb3 81. Kg4 Ke8 82. Rd4 Kf7 83. Kh5 Rb5 84. f6 Rb3 85. Rd6 Ke8 86. Kg6 Ra3
87. Rd4 Rb3 88. f7+ 1-0

[Event "XI Anibal Open"]
[Site "Linares ESP"]
[Date "2005.03.01"]
[Round "6"]
[White "Dziuba,M"]
[Black "De la Villa Garcia,J"]
[Result "1/2-1/2"]
[WhiteElo "2416"]
[BlackElo "2470"]
[EventDate "2005.02.25"]

1. d4 Nf6 2. c4 d6 3. Nf3 g6 4. Nc3 Bf5 5. Bf4 Bg7 6. e3 O-O 7. h3 Ne4 8.
Nxe4 Bxe4 9. Be2 e5 10. Bg5 Bf6 11. Bh6 Re8 12. d5 1/2-1/2

[Event "XI Anibal Open"]
[Site "Linares ESP"]
[Date "2005.03.01"]
[Round "6"]
[White "Fernandez Romero,Ern"]
[Black "Barria,D"]
[Result "1/2-1/2"]
[WhiteElo "2469"]
[BlackElo "2349"]
[EventDate "2005.02.25"]

1. e4 c5 2. Nf3 e6 3. b3 d6 4. Bb2 Nf6 5. e5 dxe5 6. Nxe5 Nbd7 7. Bb5 a6 8.
Bxd7+ Nxd7 9. Ng4 b5 10. d3 Bb7 11. Ne3 Qh4 12. Nd2 Bd6 13. Nf3 Qb4+ 14.
Qd2 Bxf3 15. gxf3 Qxd2+ 16. Kxd2 Be5 1/2-1/2

[Event "XI Anibal Open"]
[Site "Linares ESP"]
[Date "2005.03.01"]
[Round "6"]
[White "Peric,Sl"]
[Black "Maze,S"]
[Result "0-1"]
[WhiteElo "2230"]
[BlackElo "2455"]
[EventDate "2005.02.25"]

1. d4 d5 2. Nf3 Nf6 3. Bf4 g6 4. c3 Bg7 5. Nbd2 O-O 6. e3 Nbd7 7. h3 b6 8.
Be2 Bb7 9. Bh2 Ne4 10. Qc2 c5 11. O-O Rc8 12. Rad1 Nxd2 13. Qxd2 e6 14. Bd3
Qe7 15. Bb5 Nf6 16. Qe2 Ne4 17. Ba6 Rfd8 18. Bxb7 Qxb7 19. Nd2 Nxd2 20.
Rxd2 b5 21. dxc5 Rxc5 22. e4 b4 23. cxb4 Qxb4 24. Rfd1 d4 25. e5 Rcd5 26.
Rd3 Qa5 27. f4 Qxa2 28. Ra3 d3 29. Rxa2 dxe2 30. Re1 Bf8 31. Rxe2 Rd1+ 32.
Kf2 Bc5+ 33. Kf3 R1d3+ 34. Kg4 Be7 0-1

[Event "XI Anibal Open"]
[Site "Linares ESP"]
[Date "2005.03.01"]
[Round "6"]
[White "Recuero Guerra,D"]
[Black "Bertona,F"]
[Result "1-0"]
[WhiteElo "2241"]
[BlackElo "2437"]
[EventDate "2005.02.25"]

1. e4 d5 2. exd5 Qxd5 3. Nc3 Qa5 4. d4 Nf6 5. Nf3 Bf5 6. Bc4 e6 7. Bd2 c6
8. Nd5 Qd8 9. Nxf6+ Qxf6 10. Qe2 Nd7 11. O-O-O Nb6 12. Bg5 Qg6 13. d5 Bc5
14. h4 Bxc2 15. Rd2 Be4 16. dxe6 fxe6 17. Ne5 Qf5 18. g4 Qxe5 19. f4 Nxc4
20. Qxc4 b5 21. Qe2 Qc7 22. Qxe4 O-O 23. Rhd1 Rf7 24. Qxe6 Raf8 25. Rd7 Qc8
26. f5 Qe8 27. Rd8 Qxe6 28. fxe6 Rf2 29. e7 Bxe7 30. Bxe7 Rxd8 31. Rxd8+
1-0

[Event "XI Anibal Open"]
[Site "Linares ESP"]
[Date "2005.03.01"]
[Round "6"]
[White "Rodriguez Guerrero,E"]
[Black "Fenollar Jorda,M"]
[Result "1/2-1/2"]
[WhiteElo "2430"]
[BlackElo "2226"]
[EventDate "2005.02.25"]

1. e4 e5 2. Nf3 Nc6 3. Bb5 a6 4. Ba4 Nf6 5. O-O b5 6. Bb3 Bc5 7. c3 d6 8.
d4 Bb6 9. h3 Bb7 10. Re1 O-O 11. Be3 exd4 12. cxd4 Na5 13. d5 c6 14. dxc6
Bxc6 15. Bxb6 Qxb6 16. Bc2 Rfe8 17. Qxd6 1/2-1/2

[Event "XI Anibal Open"]
[Site "Linares ESP"]
[Date "2005.03.01"]
[Round "6"]
[White "Taboas Rodriguez,D"]
[Black "Cruz,A BOL"]
[Result "1-0"]
[WhiteElo "2302"]
[BlackElo "2185"]
[EventDate "2005.02.25"]

1. d4 Nf6 2. c4 e6 3. Nf3 b6 4. Nc3 Bb7 5. Bg5 Bb4 6. e3 h6 7. Bh4 g5 8.
Bg3 Ne4 9. Qc2 h5 10. Bd3 Nxc3 11. bxc3 Be7 12. Be4 d5 13. cxd5 exd5 14.
Bf5 Nc6 15. h4 g4 16. Ng5 Bc8 17. Bf4 Bd6 18. O-O Bxf4 19. exf4 Kf8 20.
Rfe1 Kg7 21. Re3 Qf6 22. Bxc8 Raxc8 23. Rae1 Rh6 24. f5 Rf8 25. Qd3 Qd6 26.
f3 Rfh8 27. fxg4 hxg4 28. g3 Qf6 29. Rf1 Na5 30. Qe2 Nc4 31. Re7 Nd6 32.
Qxg4 Kf8 33. Rfe1 Qxe7 34. Rxe7 Kxe7 35. Qf4 Kd7 36. Nf3 f6 37. g4 Ne4 38.
c4 c6 39. Kg2 R6h7 40. g5 Rg7 41. g6 Nd6 42. cxd5 cxd5 43. Kh3 Ne4 44. Nd2
Nd6 45. Nf1 Rc8 46. h5 Ne4 47. h6 Rgg8 48. Ne3 Rh8 49. Nxd5 Ng5+ 50. Kg4
Rc2 51. Nxf6+ Kc8 52. Kxg5 1-0

[Event "XI Anibal Open"]
[Site "Linares ESP"]
[Date "2005.03.01"]
[Round "6"]
[White "Vuilleumier,A"]
[Black "Henriksen,G"]
[Result "1/2-1/2"]
[WhiteElo "2280"]
[BlackElo "2203"]
[EventDate "2005.02.25"]

1. Nf3 c5 2. g3 Nc6 3. Bg2 g6 4. O-O Bg7 5. c4 d6 6. Nc3 Nh6 7. Rb1 O-O 8.
a3 a5 9. d3 Nf5 10. Bd2 Bd7 11. Ne1 h5 12. h3 Rb8 13. Kh2 Be5 14. Nf3 Bg7
15. Na2 b5 16. b4 axb4 17. axb4 cxb4 18. cxb5 Rxb5 19. Nxb4 Nxb4 20. Rxb4
Rxb4 21. Bxb4 Qb6 22. Bd2 Rb8 1/2-1/2